| 000 | 00497nam a22001817a 4500 | ||
|---|---|---|---|
| 999 |
_c258522 _d258521 |
||
| 003 | OSt | ||
| 005 | 20200617100524.0 | ||
| 008 | 200617b xxu||||| |||| 00| 0 eng d | ||
| 010 | _a90981616 | ||
| 020 | _a9966831045 : | ||
| 040 | _cn/a | ||
| 050 |
_aQ145 _b.P96 1990 |
||
| 110 | _aAfrican Academy of Sciences. | ||
| 245 | _aProfiles of African scientists | ||
| 260 |
_aNairobi, Kenya : _b Academy Science Publishers, _c1990. |
||
| 300 |
_ax, 362 p. _b: ports. _c; 25 cm. |
||
| 942 |
_2lcc _cBK |
||